Rzadkie imię na literę 𝐆 - Statystyki

Ogólne statystyki
  • Ten quiz został rozwiązany 7 razy
  • Średni wynik to 2 z 6
Statystyki odpowiedzi
Hint Odpowiedź % Poprawnych
4. Gertruda
86%
3. Gerard
29%
1. Gracjan
29%
6. Gaja
14%
2. Genwefa
0%
5. Gniewosz
0%
Nie znaleziono quizów pasujących do podanych kryteriów
Rozkład punktacji
Procent ludzi z każdym wynikiem
Percentyl według liczby udzielonych odpowiedzi
Twoja historia wyników
Nie rozwiązałeś tego quizu